01531 2200421 4500001002100000005001500021035002000036007000300056008004100059020002200100040002200122082001400144084001600158090002200174100003200196245025000228250003200478300004700510650002000557700004100577700002600618700002900644700004600673700003000719700004400749700002800793700002200821700002800843850001200871504003400883710003800917264003600955336002100991337003001012338002301042999002201065990002201087INLIS00000000089484320250409122441 a0010-0425000092ta250409s2024 yoia g ind d a978-623-8686-22-3 aYOPDYOGbinderda04223a658.7 a658.7 DEA m aCB-D.11 2024-59430 aDea Wemona RahmaePengarang10aManajemen rantai pasok /cDea Wemona Rahma, Shenda Aprilia Christanti, Asrul Sani, Andrianingsih, Sasmi Hidayatul Yulianing Tyas, Devi Anggraeni, Qilbaaini Effendi Muftikhali, Erna Mulyati, Maniah, Dini Hamidin; penyunting, Tim PT Penamuda Media aCetakan Pertama : Juli 2024 avii, 221 halaman :btabel, gambar ;c23 cm 4aLogistik bisnis0 aShenda Aprilia ChristantiePengarang0 aAsrul SaniePengarang0 aAndrianingsihePengarang0 aSasmi Hidayatul Yulianing TyasePengarang0 aDevi AnggraeniePengarang0 aQilbaaini Effendi MuftikhaliePengarang0 aErna MulyatiePengarang0 aManiahePengarang0 aDini HamidinePengarang aYOPDYOG aBibliografi : halaman 180-1962 aTim PT Penamuda MediaePenyunting31aSleman :bPenamuda Media,c2024 2rdacontentateks 2rdamediaatanpa perantara 2rdacarrieravolume aCB-D.11/2024-5943 aCB-D.11/2024-5943